[Event "Osasco op"]
[Site "Osasco"]
[Date "2023.12.03"]
[Round "5"]
[White "Machado, Marcos Donizete"]
[Black "Parijos de Melo, Luiz Claudio"]
[Result "0-1"]
[WhiteElo "1544"]
[BlackElo "1762"]
[PlyCount "76"]
[EventDate "2023.12.01"]
[EventType "swiss"]
[EventRounds "6"]
[EventCountry "BRA"]
[SourceTitle "CB50_2023"]
[SourceDate "2023.12.13"]
[SourceVersion "1"]
[SourceVersionDate "2023.12.13"]
[SourceQuality "1"]

1. e4 c5 2. Nf3 e6 3. d4 cxd4 4. Nxd4 Nf6 5. Nc3 Nc6 6. a3 Be7 7. Be2 0-0 8. 0-0 d5 9. exd5 exd5 10. Be3 a6 11. Re1 h6 12. h3 Qd6 13. Bf1 Nxd4 14. Bxd4 Bf5 15. Bd3 Bxd3 16. Qxd3 Rfd8 17. Rad1 Bf8 18. Qf3 Nh7 19. Be5 Ng5 20. Qxd5 Qg6 21. Qxd8 Rxd8 22. Rxd8 Ne6 23. Rd3 Bc5 24. Re2 f6 25. Bg3 Nd4 26. Re1 Nxc2 27. Rd8+ Kh7 28. Kf1 Nxe1 29. Kxe1 h5 30. h4 Qf5 31. Rd5 Qe6+ 32. Kd2 Bb6 33. Rxh5+ Kg6 34. Rd5 Ba7 35. Rd6 Qb3 36. Kc1 Bc5 37. Rd3 Qc4 38. Rd2 a5 0-1

[Event "BRA Amateur-ch U1800"]
[Site "Sao Paulo"]
[Date "2022.11.04"]
[Round "4"]
[White "Parijos de Melo, Luiz Claudio"]
[Black "Lora, Miguel Said Brasil"]
[Result "1/2-1/2"]
[WhiteElo "1784"]
[BlackElo "1403"]
[PlyCount "98"]
[EventDate "2022.11.03"]
[EventType "swiss"]
[EventRounds "7"]
[EventCountry "BRA"]
[SourceTitle "CBM 211 Extra"]
[Source "ChessBase"]
[SourceDate "2023.01.31"]
[SourceVersion "1"]
[SourceVersionDate "2023.01.31"]
[SourceQuality "1"]

1. e4 e5 2. Nf3 Nc6 3. Bb5 a6 4. Ba4 Nf6 5. 0-0 b5 6. Bb3 Bc5 7. c3 d6 8. d4 Bb6 9. Be3 Nxe4 10. Bd5 Bb7 11. Bxe4 d5 12. Bc2 e4 13. Nfd2 0-0 14. f3 f5 15. fxe4 dxe4 16. Qh5 Nxd4 17. cxd4 Bxd4 18. Bxd4 Qxd4+ 19. Kh1 Qxb2 20. Na3 Qxa3 21. Bb3+ Kh8 22. Rxf5 Qb4 23. Nf1 Rxf5 24. Qxf5 Rf8 25. Qd7 Qc3 26. Qe7 Qf6 27. Qxf6 Rxf6 28. Ne3 c5 29. Rf1 Rxf1+ 30. Nxf1 c4 31. Bc2 g6 32. Kg1 Kg7 33. Kf2 Kf6 34. Ke3 Ke5 35. Ng3 b4 36. Bxe4 Bxe4 37. Nxe4 c3 38. Nf2 a5 39. Kd3 Kd5 40. Nd1 Kc5 41. Ne3 Kb5 42. Nc2 a4 43. Nd4+ Kc5 44. Ne6+ Kd5 45. Nf8 a3 46. Kc2 g5 47. Nd7 Kd4 48. Kb3 h5 49. Nf6 h4 1/2-1/2

[Event "BRA-ch U2000 Amateurs"]
[Site "Sao Paulo"]
[Date "2022.06.17"]
[Round "4"]
[White "De Napole, Jo"]
[Black "Parijos de Melo, Luiz Claudio"]
[Result "0-1"]
[WhiteElo "1733"]
[BlackElo "1729"]
[PlyCount "70"]
[EventDate "2022.06.16"]
[EventType "swiss"]
[EventRounds "7"]
[EventCountry "BRA"]
[SourceTitle "CBM 208 Extra"]
[Source "ChessBase"]
[SourceDate "2022.07.31"]
[SourceVersion "1"]
[SourceVersionDate "2022.07.31"]
[SourceQuality "1"]

1. e4 c5 2. c3 d5 3. exd5 Qxd5 4. d4 Nf6 5. Nf3 Bg4 6. Be2 Nc6 7. h3 Bh5 8. Be3 e6 9. 0-0 cxd4 10. cxd4 Bb4 11. a3 Ba5 12. b4 Bc7 13. Nc3 Qd7 14. Qb3 0-0 15. Rfd1 a6 16. d5 exd5 17. Nxd5 Qe6 18. Ng5 Qc8 19. Nxf6+ gxf6 20. Bxh5 fxg5 21. Bc5 Qf5 22. Bg4 Qe5 23. Kf1 Rfe8 24. Re1 Qh2 25. Re3 Qh1+ 26. Ke2 Qxa1 27. Be6 Qf6 28. Bd7 Rxe3+ 29. Qxe3 Bf4 30. Qe4 Qb2+ 31. Kf1 Qc1+ 32. Qe1 Qxe1+ 33. Kxe1 Rd8 34. Bg4 Bc1 35. Bf3 Bxa3 0-1

[Event "Leitao Academia Online op"]
[Site "Chess.com INT"]
[Date "2020.04.22"]
[Round "3"]
[White "Lage, Pedro Ferreira"]
[Black "Parijos de Melo, Luiz Claudio"]
[Result "0-1"]
[WhiteElo "2107"]
[BlackElo "1682"]
[PlyCount "76"]
[EventDate "2020.04.11"]
[EventType "swiss (rapid)"]
[EventRounds "6"]
[EventCountry "BRA"]
[SourceTitle "EXT 2021"]
[Source "ChessBase"]
[SourceDate "2020.10.23"]
[SourceVersion "1"]
[SourceVersionDate "2020.10.23"]
[SourceQuality "1"]

1. d4 Nf6 2. e3 g6 3. Bd3 Bg7 4. Nd2 0-0 5. Ngf3 d6 6. 0-0 Re8 7. e4 e5 8. dxe5 dxe5 9. b4 b6 10. Bb2 Nbd7 11. Nc4 Nh5 12. Re1 Bb7 13. Bf1 Qe7 14. a3 Rad8 15. Qc1 f5 16. exf5 Bxf3 17. gxf3 gxf5 18. Qe3 Nf4 19. Rad1 Qg5+ 20. Kh1 Re6 21. Nxe5 Bxe5 22. Bxe5 Rxe5 23. Bc4+ Kh8 24. Rg1 Rxe3 25. Rxg5 Re7 26. Rxf5 Nf8 27. Rg1 N8g6 28. h4 Nh3 29. Rg3 Rd1+ 30. Kh2 Re8 31. Kxh3 Ree1 32. Rf8+ Kg7 33. Rf7+ Kh6 34. Rf6 Rh1+ 35. Kg4 Rxh4+ 36. Kf5 Rf4+ 37. Ke6 Rd6+ 38. Kf7 Rfxf6+ 0-1